[Event "SUI-chT"]
[Site "Switzerland"]
[Date "2017.04.09"]
[Round "2.3"]
[White "Jenni, Florian"]
[Black "Terraz, Christian"]
[Result "1-0"]
[WhiteElo "2463"]
[BlackElo "2113"]
[PlyCount "123"]
[EventDate "2017.03.19"]
[EventType "team-swiss"]
[EventRounds "9"]
[EventCountry "SUI"]
[SourceTitle "EXT 2018"]
[Source "ChessBase"]
[SourceDate "2017.10.13"]
[SourceVersion "1"]
[SourceVersionDate "2017.10.13"]
[SourceQuality "1"]
[WhiteTeam "Winterthur"]
[BlackTeam "Neuchatel"]
[WhiteTeamCountry "SUI"]
[BlackTeamCountry "SUI"]

1. e4 e5 2. Nf3 Nc6 3. Bb5 Bc5 4. 0-0 Nd4 5. Nxd4 Bxd4 6. c3 Bb6 7. d4 c6 8. Ba4 d6 9. dxe5 dxe5 10. Qh5 Qe7 11. Bg5 Nf6 12. Qh4 Be6 13. Bb3 0-0-0 14. Na3 h6 15. Bxf6 Qxf6 16. Qxf6 gxf6 17. Bxe6+ fxe6 18. Nc4 Kd7 19. Rfd1+ Ke7 20. Kf1 Bc7 21. Ke2 f5 22. Rxd8 Rxd8 23. g3 Kf6 24. Rd1 Rxd1 25. Kxd1 b5 26. Nd2 Kg5 27. h3 h5 28. Ke2 Kg6 29. c4 Bb6 30. cxb5 cxb5 31. b3 Bd4 32. a4 a6 33. axb5 axb5 34. Nb1 Bb2 35. Nd2 Bd4 36. Nf3 fxe4 37. Ne1 Bb6 38. Nc2 Bc5 39. Ne3 Bb6 40. Nf1 Kf5 41. Nd2 e3 42. fxe3 e4 43. Nb1 Bc7 44. Kf2 b4 45. Nd2 Be5 46. Nc4 Bc7 47. Kg2 Kg5 48. Nd2 Kf5 49. Nf1 Bd6 50. Nh2 Kg5 51. h4+ Kf5 52. Kh3 Kf6 53. g4 Kg6 54. Nf1 Bc5 55. Ng3 hxg4+ 56. Kxg4 Bxe3 57. Nxe4 Bh6 58. h5+ Kf7 59. Kf3 e5 60. Nf2 Ke6 61. Ke4 Bf4 62. Ng4 1-0

[Event "Basel op"]
[Site "Basel"]
[Date "2016.01.05"]
[Round "7"]
[White "Terraz, Christian"]
[Black "Kopylov, Michael"]
[Result "0-1"]
[WhiteElo "2108"]
[BlackElo "2406"]
[PlyCount "91"]
[EventDate "2016.01.01"]
[EventType "swiss"]
[EventRounds "7"]
[EventCountry "SUI"]
[SourceTitle "EXT 2017"]
[Source "ChessBase"]
[SourceDate "2016.10.25"]
[SourceVersion "1"]
[SourceVersionDate "2016.10.25"]
[SourceQuality "1"]

1. d4 Nf6 2. Nf3 c5 3. e3 g6 4. c4 Bg7 5. Be2 0-0 6. 0-0 cxd4 7. Nxd4 Na6 8. Nc3 d6 9. b3 Nc5 10. Bb2 a6 11. Rb1 Bd7 12. b4 Ne6 13. Nd5 Ne8 14. Nb3 Rb8 15. Qd2 N6c7 16. Nb6 Bf5 17. Bd3 Bxd3 18. Qxd3 Nf6 19. Rfd1 Ne6 20. Nd5 Nd7 21. Bxg7 Kxg7 22. f4 Rc8 23. Rbc1 Nc7 24. Na5 Nxd5 25. Qxd5 Qb6 26. Qd4+ Qxd4 27. exd4 b6 28. Nb3 Rc7 29. Re1 Nf6 30. g3 a5 31. bxa5 bxa5 32. c5 a4 33. cxd6 Rxc1 34. Nxc1 exd6 35. Nd3 Rb8 36. Rc1 Nd5 37. Kf2 Nb4 38. Ke3 Nxa2 39. Ra1 Nc3 40. Kd2 Rb3 41. Kc2 Ne4 42. Nc1 Rc3+ 43. Kb2 Rf3 44. Rxa4 Rf2+ 45. Kb3 Rxh2 46. Kc4 0-1

[Event "Basel op"]
[Site "Basel"]
[Date "2015.01.01"]
[Round "1"]
[White "Patuzzo, Fabrizio"]
[Black "Terraz, Christian"]
[Result "1-0"]
[WhiteElo "2327"]
[BlackElo "2052"]
[PlyCount "121"]
[EventDate "2015.01.01"]
[EventType "swiss"]
[EventRounds "7"]
[EventCountry "SUI"]
[SourceTitle "CBM 164 Extra"]
[Source "ChessBase"]
[SourceDate "2015.03.02"]
[SourceVersion "1"]
[SourceVersionDate "2015.03.02"]
[SourceQuality "1"]

1. Nf3 Nf6 2. c4 g6 3. Nc3 Bg7 4. e4 d6 5. d4 0-0 6. Be2 e5 7. 0-0 exd4 8. Nxd4 Re8 9. f3 Nc6 10. Nxc6 bxc6 11. Bg5 Be6 12. Qa4 Qb8 13. Rab1 Qb6+ 14. Kh1 a5 15. Qc2 h6 16. Bh4 c5 17. f4 Qa6 18. Nb5 Rac8 19. f5 gxf5 20. exf5 Bd7 21. a4 Re5 22. Rbd1 Bc6 23. Bf3 Bd7 24. Be2 Bc6 25. Bd3 Qb7 26. Rf4 Rce8 27. Rdf1 Re3 28. Rg1 h5 29. Bf2 Ng4 30. Bxe3 Rxe3 31. Be2 Be5 32. Rxg4+ hxg4 33. Bxg4 Be4 34. Qd2 Bf4 35. Qf2 Bg5 36. h4 Bh6 37. Kh2 Rd3 38. Re1 d5 39. Nc3 Rd2 40. Re2 Qxb2 41. Nxd5 Bxd5 42. cxd5 Rxe2 43. Bxe2 Kg7 44. g4 Qe5+ 45. Kh3 Bf4 46. Qf3 Qd4 47. g5 Bd6 48. f6+ Kf8 49. Qf5 Qxa4 50. Qc8+ Qe8 51. Qxe8+ Kxe8 52. Bb5+ Kf8 53. Kg4 Kg8 54. Kf5 c4 55. Bxc4 a4 56. h5 a3 57. g6 Kf8 58. g7+ Kg8 59. h6 Kh7 60. Ba2 Kg8 61. Bb1 1-0

[Event "Verbandsliga Suedbaden 1415"]
[Site "Baden"]
[Date "2014.10.12"]
[Round "1.3"]
[White "Terraz, Christian"]
[Black "Jehnichen, Guenther"]
[Result "1-0"]
[WhiteElo "2046"]
[BlackElo "2033"]
[PlyCount "63"]
[EventDate "2014.10.12"]
[EventType "team-tourn"]
[EventRounds "9"]
[EventCountry "GER"]
[SourceTitle "EXT 2022"]
[Source "ChessBase"]
[SourceDate "2021.10.06"]
[SourceVersion "1"]
[SourceVersionDate "2021.10.06"]
[SourceQuality "1"]
[WhiteTeam "Horben"]
[BlackTeam "Gottmadingen"]
[WhiteTeamCountry "GER"]
[BlackTeamCountry "GER"]

1. Nf3 c5 2. g3 Nf6 3. Bg2 g6 4. b3 Bg7 5. Bb2 Nc6 6. 0-0 0-0 7. c4 d6 8. Nc3 a6 9. Ne1 Rb8 10. Nc2 Bd7 11. h3 b5 12. d3 Na5 13. Rb1 Nh5 14. Qd2 b4 15. Nd1 Bc6 16. Bxg7 Nxg7 17. e4 e5 18. Qh6 Bd7 19. Nde3 Nc6 20. f4 exf4 21. Rxf4 g5 22. Rf6 Ne8 23. Nd5 Be6 24. Nce3 Ne5 25. Rbf1 Nd7 26. e5 dxe5 27. Be4 Nexf6 28. Rxf6 Re8 29. Bxh7+ Kh8 30. Rxe6 Rxe6 31. Bg6+ Kg8 32. Qh7+ 1-0

[Event "SUI-chT"]
[Site "Switzerland"]
[Date "2014.05.18"]
[Round "3.8"]
[White "Wyss, Jonas"]
[Black "Terraz, Christian"]
[Result "1-0"]
[WhiteElo "2291"]
[BlackElo "2075"]
[PlyCount "41"]
[EventDate "2014.03.16"]
[EventType "team-tourn"]
[EventRounds "9"]
[EventCountry "SUI"]
[SourceTitle "EXT 2015"]
[Source "ChessBase"]
[SourceDate "2014.11.20"]
[SourceVersion "1"]
[SourceVersionDate "2014.11.20"]
[SourceQuality "1"]
[WhiteTeam "Reti"]
[BlackTeam "Neuchatel"]
[WhiteTeamCountry "SUI"]
[BlackTeamCountry "SUI"]

1. e4 e5 2. Nf3 d6 3. d4 Nf6 4. dxe5 Nxe4 5. Qd5 Nc5 6. Bg5 Qd7 7. exd6 Bxd6 8. Nc3 Qe6+ 9. Qxe6+ Nxe6 10. Nb5 Be7 11. Bc4 Bd7 12. Bxe7 Bxb5 13. Bxb5+ Kxe7 14. 0-0-0 Rd8 15. Rxd8 Kxd8 16. Re1 Nd7 17. Rd1 c6 18. Ne5 Ke8 19. Rxd7 f6 20. Rxb7 cxb5 21. Nc6 1-0

[Event "Lugano New op 8th"]
[Site "Lugano"]
[Date "2014.04.18"]
[Round "1"]
[White "Sbarra, Marco"]
[Black "Terraz, Christian"]
[Result "1-0"]
[WhiteElo "2250"]
[BlackElo "2076"]
[PlyCount "65"]
[EventDate "2014.04.18"]
[EventType "swiss"]
[EventRounds "6"]
[EventCountry "SUI"]
[SourceTitle "CBM 159 Extra"]
[Source "ChessBase"]
[SourceDate "2014.04.24"]
[SourceVersion "1"]
[SourceVersionDate "2014.04.24"]
[SourceQuality "1"]

1. d4 Nf6 2. c4 c5 3. d5 e6 4. Nc3 exd5 5. cxd5 Bd6 6. Nf3 0-0 7. e4 Re8 8. Bd3 Bc7 9. 0-0 d6 10. h3 Nbd7 11. Re1 a6 12. a4 Nf8 13. Bg5 h6 14. Bd2 Ba5 15. Qc2 Ng6 16. Rad1 Bd7 17. Qc1 Bxc3 18. Bxc3 Bxa4 19. Rd2 b5 20. b4 cxb4 21. Bb2 Ne5 22. Nd4 Nxd3 23. Rxd3 Rxe4 24. Rg3 Rxe1+ 25. Qxe1 Nh5 26. Nc6 Qd7 27. Re3 Kh7 28. Qb1+ g6 29. g4 Nf4 30. Qe4 Nxh3+ 31. Rxh3 Bd1 32. Rxh6+ Kxh6 33. Qf4+ 1-0

[Event "Paleochora op 6th"]
[Site "Paleochora"]
[Date "2013.07.21"]
[Round "4"]
[White "Kanakaris, Georgios"]
[Black "Terraz, Christian"]
[Result "1-0"]
[WhiteElo "2310"]
[BlackElo "2125"]
[PlyCount "37"]
[EventDate "2013.07.19"]
[EventType "swiss"]
[EventRounds "9"]
[EventCountry "GRE"]
[SourceTitle "CBM 155 Extra"]
[Source "ChessBase"]
[SourceDate "2013.08.26"]
[SourceVersion "1"]
[SourceVersionDate "2013.08.26"]
[SourceQuality "1"]

1. d4 Nf6 2. c4 c5 3. d5 e6 4. Nc3 exd5 5. cxd5 Bd6 6. Nf3 0-0 7. Bg5 Bc7 8. e3 d6 9. Bd3 Ba5 10. Qa4 Bb4 11. a3 Bd7 12. Qc2 Bxc3+ 13. Qxc3 Nxd5 14. Bxh7+ Kh8 15. Qc4 f6 16. Bg6 fxg5 17. h4 g4 18. Qxd5 Bf5 19. Bxf5 1-0

[Event "Basel Hilton op 15th"]
[Site "Basel"]
[Date "2013.01.04"]
[Round "6"]
[White "Hess, Christian"]
[Black "Terraz, Christian"]
[Result "1-0"]
[WhiteElo "2269"]
[BlackElo "2098"]
[PlyCount "81"]
[EventDate "2013.01.01"]
[EventType "swiss"]
[EventRounds "7"]
[EventCountry "SUI"]
[SourceTitle "CBM 152 Extra"]
[Source "ChessBase"]
[SourceDate "2013.02.25"]
[SourceVersion "1"]
[SourceVersionDate "2013.02.25"]
[SourceQuality "1"]

1. Nf3 d6 2. d4 Nf6 3. c4 Nbd7 4. Nc3 e5 5. Bg5 Be7 6. e3 0-0 7. Qc2 Re8 8. Be2 c6 9. 0-0 Qc7 10. b4 a6 11. Rac1 b6 12. Rfd1 Bb7 13. a3 Bf8 14. h3 Rac8 15. Bh4 e4 16. Nd2 d5 17. Qb3 Qd8 18. cxd5 cxd5 19. Bg4 Rc7 20. Bg3 Rc8 21. Be2 Re6 22. Nf1 Rec6 23. b5 axb5 24. Bxb5 Re6 25. a4 Nb8 26. Ne2 Nc6 27. Nf4 Rd6 28. Rc3 Na5 29. Qc2 Rxc3 30. Qxc3 Bc6 31. Rc1 Qd7 32. Rb1 Bxb5 33. axb5 Qb7 34. Rc1 Rd8 35. Bh4 Be7 36. Qc7 Qxc7 37. Rxc7 Bd6 38. Bxf6 Bxf4 39. Bxd8 Bxc7 40. Bxc7 Nc4 41. Ng3 1-0

[Event "SUI-chT"]
[Site "Switzerland"]
[Date "2012.09.23"]
[Round "7.8"]
[White "Schaerer, Julian"]
[Black "Terraz, Christian"]
[Result "1-0"]
[WhiteElo "2260"]
[BlackElo "2118"]
[PlyCount "63"]
[EventDate "2012.03.18"]
[EventType "team-tourn"]
[EventRounds "9"]
[EventCountry "SUI"]
[SourceTitle "EXT 2013"]
[Source "ChessBase"]
[SourceDate "2012.11.22"]
[SourceVersion "1"]
[SourceVersionDate "2012.11.22"]
[SourceQuality "1"]
[WhiteTeam "Winterthur"]
[BlackTeam "Neuchatel"]
[WhiteTeamCountry "SUI"]
[BlackTeamCountry "SUI"]

1. e4 e5 2. Nf3 Nc6 3. Bb5 Bc5 4. 0-0 Nd4 5. Nxd4 Bxd4 6. c3 Bb6 7. Na3 c6 8. Ba4 d6 9. Nc4 Bc7 10. Ne3 Ne7 11. d4 0-0 12. d5 Bd7 13. c4 cxd5 14. Bxd7 Qxd7 15. Nxd5 Nxd5 16. Qxd5 Qc6 17. Rd1 Rac8 18. Be3 Bb6 19. Bxb6 Qxb6 20. b3 Rc6 21. Rd2 Re8 22. Rad1 Re6 23. Qd3 g6 24. g3 a5 25. a4 Qb4 26. Qe3 Rb6 27. Rd3 Kg7 28. Rc3 Rc6 29. Rd5 Rc5 30. Rcd3 Rxd5 31. Rxd5 f5 32. Rb5 1-0

[Event "SUI-chT"]
[Site "Switzerland"]
[Date "2012.04.29"]
[Round "3.7"]
[White "Terraz, Christian"]
[Black "Brendel, Oliver"]
[Result "0-1"]
[WhiteElo "2113"]
[BlackElo "2343"]
[PlyCount "40"]
[EventDate "2012.03.18"]
[EventType "team-tourn"]
[EventRounds "9"]
[EventCountry "SUI"]
[SourceTitle "EXT 2013"]
[Source "ChessBase"]
[SourceDate "2012.11.22"]
[SourceVersion "1"]
[SourceVersionDate "2012.11.22"]
[SourceQuality "1"]
[WhiteTeam "Neuchatel"]
[BlackTeam "Riehen"]
[WhiteTeamCountry "SUI"]
[BlackTeamCountry "SUI"]

1. d4 Nf6 2. Nc3 d5 3. e4 dxe4 4. f3 exf3 5. Nxf3 Bf5 6. Bc4 e6 7. 0-0 Bd6 8. Bg5 h6 9. Be3 Ng4 10. Bd2 Nxh2 11. Bb5+ c6 12. Nxh2 cxb5 13. Nxb5 Bxh2+ 14. Kxh2 a6 15. Bb4 axb5 16. Rxf5 exf5 17. Qd3 Qh4+ 18. Kg1 Nc6 19. Bc5 0-0-0 20. d5 Qe4 0-1